| 000 | 00431nam a2200145 4500 | ||
|---|---|---|---|
| 003 | OSt | ||
| 082 |
_a664 _bVIS/MI |
||
| 088 | _aT 633 | ||
| 100 |
_aVishnupriya M _94941 |
||
| 245 | _aRetort pouch packaging and pulsed light technology for preservation of banana pseudostem juice / | ||
| 260 |
_aTavanur : _bDepartment of Processing & Food Engineering _c2024 |
||
| 300 | _a199p. | ||
| 700 |
_aSudheer K. P (Guide) _96188 |
||
| 942 | _cTH | ||
| 999 |
_c19320 _d19320 |
||